Statistics for 10 Youngest Presidents

Click here to take the quiz!

General Stats

  • This quiz has been taken 772 times
  • The average score is 7 of 10

Answer Stats

Age of taking officePresident% Correct
43 & 7 monthsJohn F. Kennedy
97%
47 & 5 monthsBarack Obama
93%
42 & 10 monthsTheodore Roosevelt
87%
46 & 5 monthsBill Clinton
81%
46 & 10 monthsUlysses S. Grant
60%
49 & 4 monthsJames K. Polk
59%
48 & 3 monthsFranklin Pierce
58%
47 & 11 monthsGrover Cleveland
52%
49 & 3 monthsJames A. Garfield
49%
50 & 6 monthsMillard Filmore
49%

Score Distribution

Percentile by Number Answered

Percent of People with Each Score

Your Score History

You have not taken this quiz